| 000 | 00741nam a22002417a 4500 | ||
|---|---|---|---|
| 001 | 9073 | ||
| 003 | FISKH | ||
| 005 | 20251118161337.0 | ||
| 008 | 251118b cb ||||| |||| 00| 0 eng d | ||
| 020 | _a9780789429858 | ||
| 040 |
_aFISKH _beng _cFISKH _dFISKH |
||
| 050 | _aQC981 .F37 | ||
| 082 | _a 551.5 | ||
| 100 | _aFarndon, John | ||
| 245 |
_a Weather / _cWritten by John Farndon |
||
| 250 | _a First Paperback edition, 1998. | ||
| 260 |
_aNew York : _bDK, _c1992 |
||
| 300 |
_a60 pages : _bcolor illustrations ; _c20 cm |
||
| 520 | _aDiscusses such elements of weather as clouds, wet air, frost, ice, wind, and air pressure. Includes some projects. | ||
| 650 |
_aScience _vWeather facts |
||
| 942 |
_2ddc _cBK _n0 |
||
| 999 |
_c9073 _d9073 |
||